WBC日本代表 各試合スタメン - Statistics

General Stats
  • This quiz has been taken 99 times
    64 since last reset
  • The average score is 296 of 430
Answer Stats
試合 守備位置 Answer % Correct
2006 1R中国 イチロー
98%
1R台湾 イチロー
98%
1R韓国 イチロー
98%
2Rアメリカ イチロー
98%
2Rメキシコ イチロー
98%
2R韓国 イチロー
98%
イチロー
98%
イチロー
98%
2009 1R中国 イチロー
98%
1R韓国 イチロー
98%
1R韓国 イチロー
98%
2Rキューバ イチロー
98%
2R韓国 イチロー
98%
2Rキューバ イチロー
98%
2R韓国 イチロー
98%
準決勝アメリカ イチロー
98%
決勝韓国 イチロー
98%
大谷翔平
91%
大谷翔平
91%
大谷翔平
91%
大谷翔平
91%
大谷翔平
91%
大谷翔平
91%
大谷翔平
91%
大谷翔平
91%
大谷翔平
91%
2026 1R台湾 大谷翔平
91%
1R韓国 大谷翔平
91%
1Rオーストラリア 大谷翔平
91%
準々決勝ベネズエラ 大谷翔平
91%
鈴木誠也
86%
鈴木誠也
86%
鈴木誠也
86%
鈴木誠也
86%
村上宗隆
86%
吉田正尚
86%
村上宗隆
86%
吉田正尚
86%
村上宗隆
86%
吉田正尚
86%
村上宗隆
86%
吉田正尚
86%
吉田正尚
86%
村上宗隆
86%
吉田正尚
86%
村上宗隆
86%
吉田正尚
86%
村上宗隆
86%
鈴木誠也
86%
吉田正尚
86%
村上宗隆
86%
鈴木誠也
86%
吉田正尚
86%
村上宗隆
86%
鈴木誠也
86%
吉田正尚
86%
村上宗隆
86%
村上宗隆
86%
吉田正尚
86%
鈴木誠也
86%
吉田正尚
86%
村上宗隆
86%
2013 1Rブラジル 坂本勇人
84%
1R中国 坂本勇人
84%
坂本勇人
84%
坂本勇人
84%
坂本勇人
84%
坂本勇人
84%
坂本勇人
84%
坂本勇人
84%
坂本勇人
84%
坂本勇人
84%
坂本勇人
84%
坂本勇人
84%
2023 1R中国 ヌートバー
84%
源田壮亮
84%
1R韓国 ヌートバー
84%
源田壮亮
84%
1Rチェコ ヌートバー
84%
1Rオーストラリア ヌートバー
84%
準々決勝イタリア ヌートバー
84%
源田壮亮
84%
準決勝メキシコ ヌートバー
84%
源田壮亮
84%
決勝アメリカ ヌートバー
84%
源田壮亮
84%
源田壮亮
84%
源田壮亮
84%
源田壮亮
84%
源田壮亮
84%
ダルビッシュ有
82%
ダルビッシュ有
82%
近藤健介
82%
岡本和真
82%
近藤健介
82%
岡本和真
82%
ダルビッシュ有
82%
近藤健介
82%
近藤健介
82%
岡本和真
82%
近藤健介
82%
岡本和真
82%
近藤健介
82%
岡本和真
82%
近藤健介
82%
岡本和真
82%
近藤健介
82%
岡本和真
82%
近藤健介
82%
岡本和真
82%
近藤健介
82%
岡本和真
82%
岡本和真
82%
岡本和真
82%
牧秀悟
80%
牧秀悟
80%
中村悠平
80%
中村悠平
80%
牧秀悟
80%
中村悠平
80%
中村悠平
80%
牧秀悟
80%
牧秀悟
80%
牧秀悟
80%
中村悠平
80%
牧秀悟
80%
福留孝介
77%
里崎智也
77%
福留孝介
77%
里崎智也
77%
福留孝介
77%
里崎智也
77%
福留孝介
77%
福留孝介
77%
里崎智也
77%
福留孝介
77%
里崎智也
77%
里崎智也
77%
里崎智也
77%
福留孝介
77%
福留孝介
77%
福留孝介
77%
福留孝介
77%
福留孝介
77%
福留孝介
77%
阿部慎之助
77%
福留孝介
77%
阿部慎之助
77%
阿部慎之助
77%
阿部慎之助
77%
阿部慎之助
77%
阿部慎之助
77%
阿部慎之助
77%
2017 1Rキューバ 山田哲人
77%
菊池涼介
77%
1Rオーストラリア 山田哲人
77%
菊池涼介
77%
菊池涼介
77%
山田哲人
77%
菊池涼介
77%
山田哲人
77%
2Rキューバ 山田哲人
77%
菊池涼介
77%
2Rイスラエル 山田哲人
77%
菊池涼介
77%
準決勝アメリカ 山田哲人
77%
菊池涼介
77%
甲斐拓也
77%
山田哲人
77%
甲斐拓也
77%
山田哲人
77%
山本由伸
77%
甲斐拓也
77%
山田哲人
77%
山田哲人
77%
山本由伸
77%
山本由伸
77%
城島健司
75%
城島健司
75%
城島健司
75%
城島健司
75%
城島健司
75%
城島健司
75%
城島健司
75%
城島健司
75%
城島健司
75%
井端弘和
75%
井端弘和
75%
井端弘和
75%
井端弘和
75%
井端弘和
75%
小笠原道大
70%
小笠原道大
70%
小笠原道大
70%
小笠原道大
70%
小笠原道大
70%
小笠原道大
70%
小笠原道大
70%
小笠原道大
70%
村田修一
70%
小笠原道大
70%
村田修一
70%
小笠原道大
70%
村田修一
70%
村田修一
70%
小笠原道大
70%
村田修一
70%
小笠原道大
70%
村田修一
70%
小笠原道大
70%
村田修一
70%
小笠原道大
70%
小笠原道大
70%
小林誠司
70%
小林誠司
70%
小林誠司
70%
小林誠司
70%
小林誠司
70%
小林誠司
70%
小林誠司
70%
中田翔
68%
中田翔
68%
中田翔
68%
中田翔
68%
中田翔
68%
中田翔
68%
中田翔
68%
中田翔
68%
中田翔
68%
中田翔
68%
中田翔
68%
中田翔
68%
山川穂高
68%
岩村明憲
66%
岩村明憲
66%
松坂大輔
66%
岩村明憲
66%
岩村明憲
66%
岩村明憲
66%
松坂大輔
66%
岩村明憲
66%
準決勝韓国 青木宣親
66%
青木宣親
66%
松坂大輔
66%
青木宣親
66%
岩村明憲
66%
青木宣親
66%
岩村明憲
66%
松坂大輔
66%
青木宣親
66%
岩村明憲
66%
青木宣親
66%
岩村明憲
66%
松坂大輔
66%
青木宣親
66%
岩村明憲
66%
青木宣親
66%
岩村明憲
66%
青木宣親
66%
岩村明憲
66%
青木宣親
66%
岩村明憲
66%
松坂大輔
66%
青木宣親
66%
岩村明憲
66%
青木宣親
66%
青木宣親
66%
青木宣親
66%
青木宣親
66%
青木宣親
66%
青木宣親
66%
佐藤輝明
66%
佐藤輝明
66%
川崎宗則
64%
川崎宗則
64%
川崎宗則
64%
川崎宗則
64%
川崎宗則
64%
川崎宗則
64%
川崎宗則
64%
決勝キューバ 川崎宗則
64%
中島裕之
64%
中島裕之
64%
内川聖一
64%
中島裕之
64%
内川聖一
64%
内川聖一
64%
内川聖一
64%
中島裕之
64%
中島裕之
64%
内川聖一
64%
中島裕之
64%
川崎宗則
64%
中島裕之
64%
内川聖一
64%
内川聖一
64%
鳥谷敬
64%
田中将大
64%
内川聖一
64%
内川聖一
64%
鳥谷敬
64%
2Rオランダ 鳥谷敬
64%
内川聖一
64%
準決勝プエルトリコ 鳥谷敬
64%
内川聖一
64%
筒香嘉智
64%
筒香嘉智
64%
筒香嘉智
64%
筒香嘉智
64%
筒香嘉智
64%
筒香嘉智
64%
内川聖一
64%
筒香嘉智
64%
佐々木朗希
64%
佐々木朗希
64%
若月健矢
64%
若月健矢
64%
若月健矢
64%
西岡剛
61%
松中信彦
61%
西岡剛
61%
松中信彦
61%
西岡剛
61%
松中信彦
61%
西岡剛
61%
松中信彦
61%
西岡剛
61%
松中信彦
61%
西岡剛
61%
松中信彦
61%
西岡剛
61%
松中信彦
61%
西岡剛
61%
松中信彦
61%
菅野智之
61%
菅野智之
61%
菅野智之
61%
今永昇太
61%
菅野智之
61%
中野拓夢
59%
中野拓夢
59%
1Rチェコ 森下翔太
59%
牧原大成
59%
稲葉篤紀
57%
稲葉篤紀
57%
稲葉篤紀
57%
稲葉篤紀
57%
稲葉篤紀
57%
松田宣浩
57%
稲葉篤紀
57%
松田宣浩
57%
稲葉篤紀
57%
松田宣浩
57%
稲葉篤紀
57%
稲葉篤紀
57%
松田宣浩
57%
松田宣浩
57%
稲葉篤紀
57%
松田宣浩
57%
松田宣浩
57%
松田宣浩
57%
松田宣浩
57%
松田宣浩
57%
松田宣浩
57%
松田宣浩
57%
坂本誠志郎
57%
菊池雄星
57%
岩隈久志
55%
岩隈久志
55%
岩隈久志
55%
秋山翔吾
55%
秋山翔吾
55%
秋山翔吾
55%
周東佑京
52%
松井稼頭央
50%
松井稼頭央
50%
松井稼頭央
50%
上原浩治
48%
上原浩治
48%
上原浩治
48%
栗原健太
48%
前田健太
48%
前田健太
48%
前田健太
48%
小園海斗
48%
糸井嘉男
45%
糸井嘉男
45%
糸井嘉男
45%
糸井嘉男
45%
糸井嘉男
45%
糸井嘉男
45%
糸井嘉男
45%
多村仁
43%
多村仁
43%
多村仁
43%
多村仁
43%
多村仁
43%
多村仁
43%
多村仁
43%
多村仁
43%
片岡易之
41%
片岡易之
41%
片岡易之
41%
片岡易之
41%
高橋宏斗
41%
谷繁元信
39%
相川亮二
34%
千賀滉大
34%
内海哲也
32%
長野久義
32%
長野久義
32%
1Rキューバ 長野久義
32%
2Rオランダ 長野久義
32%
渡辺俊介
30%
渡辺俊介
30%
1R中国 田中広輔
30%
2Rオランダ 田中広輔
30%
角中勝也
27%
2R台湾 角中勝也
27%
角中勝也
27%
能見篤史
25%
今江敏晃
23%
今江敏晃
23%
石川歩
23%
平田良介
23%
石川歩
23%
炭谷銀仁朗
16%
大隣憲司
14%
大隣憲司
14%
武田翔太
14%
No matching quizzes found
Score Distribution
Percent of People with Each Score
Percentile by Number Answered
Your Score History
You have not taken this quiz since the last reset